Herşey Türkiye için (Record no. 9973)

MARC details
000 -BAŞLIK
Sabit Uzunlukta Kontrol Alanı 01243na a2200289 4500
001 - KONTROL NUMARASI
Denetim Alanı 16258
003 - KONTROL NUMARASI IDENTIFIER
Denetim Alanı MIRAKIL
005 - SON İŞLEM TARİHİ VE ZAMANI
Denetim Alanı 20181213155303.0
008 - SABİT-BOY VERİ ELEMANLARI - GENEL BİLGİLER
Sabit Uzunlukta Kontrol Alanı 161004b tu 000 0
035 ## - SİSTEM KONTROL NUMARASI
Sistem Kontrol Numarası 16258
040 ## - KATALOGLAMA KAYNAK
Orijinal Kataloglama Ajansı Milas
Kataloglama Dili tur
Metne Dönüştürmek Ajansı TR-AnCHP
041 ## - DİL KODU
Metin / Ses Parça Veya Ayrı Başlığın Dil Kodu tur
082 ## - DEWEY ONLU SINIFLANDIRMA NUMARASI
Sınıflandırma Numarası 320.9561
Ürün Numarası D55h [1992]
090 ## - SINIFLAMA NUMARASI
Sınıflama Numarası 320.9561 D55h [1992]
100 ## - ANA GİRİŞ - KİŞİSEL İSİM
Kişisel Ad Demirel, Süleyman
Bir Adıyla İlişkilendirilen Tarihler 1924-2015
245 ## - BAŞLIK TABLOSU
Başlık Herşey Türkiye için
Başlığın Kalan Türkiye'de yeni bir dönem: demokrasi, istikrar, kalkınma ve dünya ile işbirliği
Sorumluluk Tablosu, Vb [Süleyman Demirel]
246 ## - UNVAN FORM VARYING
Başlık Doğru / Kısa Başlığı Başbakan Süleyman Demirel'in 49. hükümet faaliyetlerine ilişkin 24.8.1992 tarihli değerlendirmeleri
246 ## - UNVAN FORM VARYING
Başlık Doğru / Kısa Başlığı Türkiyede demokrasi, istikrar, kalkınma ve dünya ile işbirliği
246 ## - UNVAN FORM VARYING
Başlık Doğru / Kısa Başlığı Türkiye'de yeni bir dönem: demokrasi, istikrar, kalkınma ve dünya ile işbirliği
260 ## - YAYIN, DAĞITIM, VB
Yayın, Dağıtım, Vb Yeri Ankara
Yayıncı, Dağıtıcı, Vs Adı [yayl.y.]
Yayın, Dağıtım, Vb Tarihi 1992
300 ## - FİZİKSEL TANIM
Kapsam vii, 247 s.
Diğer Fiziksel Ayrıntıları rnkl. fotğ.
Boyutlar 24 sm.
500 ## - GENEL NOT
Genel Not Başbakan Sayın Süleyman Demirel'in hükümet faaliyetlerine ilişkin Mart-Nisan 1993 Birleşik Basın Toplantısı değerlendirmeleri
600 ## - KONU KATMA GİRİŞ - KURUMSAL ADI
Kişisel Ad Demirel, Süleyman
Bir Adıyla İlişkilendirilen Tarihler 1924-2015
650 ## - KONU KATMA GİRİŞ - TOPİKAL DÖNEM
Topikal Süreli Veya Coğrafi Ad Giriş Elemanı Hükümetler
Genel Alt Bölümü Tarih
Coğrafi Alt Bölümü Türkiye
651 ## - KONU KATMA GİRİŞ - COĞRAFİ ADI
Coğrafi İsim Türkiye
Genel Alt Bölümü Siyasal durum
Kronolojik Alt Bölümü 20. yüzyıl
942 ## - EKLENDİ GİRİŞ ELEMANLARI (KOHA)
Sınıflandırma Veya Raf Düzeni Kaynak
Koha Öğesi Türü Books
999 ## - SİSTEM KONTROL NUMARALARI (KOHA)
Koha Biblionumber 9973
Koha Biblioitemnumber 9973
Holdings
Kalıcı Konum Mevcut Konum Edinme Tarihi Edinim Kaynak Toplam Check-Out'Lar Tam Çağrı Numarası Barkod Tarih Son Görülme İtibaren Geçerli Fiyatlar Koha Öğesi Türü
CHP Kütüphanesi CHP Kütüphanesi 10/02/2016 Bağış   320.9561 D55h [1992] 005159 10/02/2016 10/02/2016 Books